| 000 | 01017nam0a2200337 4500 | ||
|---|---|---|---|
| 001 | RU\NLR\BIBL_A\010104268 | ||
| 005 | 20250630145714.0 | ||
| 010 |
_a978-5-9573-2653-3 _9200000 |
||
| 021 |
_aRU _b13-100639 |
||
| 035 | _a(NLR Aleph) 010104268 | ||
| 035 | _a(NILC)RuMoRGB-006710621 | ||
| 090 |
_a9943777 _c9943777 |
||
| 100 | _a20140207d2013 |||y0rusy50 ca | ||
| 101 | 0 | _arus | |
| 102 | _aRU | ||
| 105 | _aa z 000cy | ||
| 200 | 1 |
_aФилософия мага _e[сборник эссе] _fАлексей Похабов |
|
| 210 |
_aСанкт-Петербург _cВесь _d2013 |
||
| 215 |
_a222, [1] с. _cил. _d21 |
||
| 333 | _a16+ | ||
| 606 | 1 |
_aМагия _91615580 _3RU\NLR\AUTH\66712354 |
|
| 675 | _a159.961 | ||
| 686 | 1 | _aЭ240.03 | |
| 700 | 1 |
_aПохабов _bА. Б. _gАлексей Борисович |
|
| 801 | 0 |
_aRU _bRuMoRKP _c20131212 _gRCR |
|
| 801 | 2 |
_aRU _bРГБ _c20140113 _grcr |
|
| 942 | _cBOOK | ||
| 980 | _aNBR | ||
| 980 | _aNB | ||